00814cam a22002293a 45000010005000000030006000050050017000110080041000280400015000690420007000840500007000911000038000982450121001362600029002575060030002865160020003166530063003366530065003996530051004648300028005158560041005433396PGUSA20140828083031.0041022s2004||||xxu|||||s|||||000 | eng d aPGUSAbeng adc 4aPS1 aHowells, William Dean,d1837-192010aLiterary Boston as I Knew It (from Literary Friends and Acquaintance)h[electronic resource] /cWilliam Dean Howells bProject Gutenberg,c2004 aPublic domain in the USA. aElectronic text aHowells, William Dean, 1837-1920 -- Friends and associates aAmerican literature -- 19th century -- History and criticism aAuthors, American -- 19th century -- Biography 0aProject Gutenbergv339640uhttp://www.gutenberg.org/ebooks/3396